Сорбция радионуклидов композитными биосорбентами в промышленных водных средах; Экология и безопасность в техносфере: современные проблемы и пути решения

Dettagli Bibliografici
Parent link:Экология и безопасность в техносфере: современные проблемы и пути решения.— 2016.— [С. 165-168]
Autore principale: Новикова А. Л.
Ente Autore: Национальный исследовательский Томский политехнический университет (ТПУ)
Riassunto:Заглавие с экрана
В данной статье исследуется сорбция радионуклидов композитными биосорбентами в двух разных водных растворов, первый был взят из реки Ромашка (Северск), второй отобран с предприятия по переработке радиоактивного сырья. Исследования показали что, композитный биосорбент A.niger + CuO имеет большую сорбционную способность, чем A.niger + TiO[2].
This article examines the sorption of radionuclides composite biosorbents in two different aqueous solutions, the first was taken from the river Romashka (Seversk), the second selected enterprises for processing of radioactive raw materials. Studies have shown that composite biosorbent A. niger + CuO has a greater sorption capacity than A. niger + TiO[2].
Lingua:russo
Pubblicazione: 2016
Serie:Экологические основы прогрессивных технологий
Soggetti:
Accesso online:http://earchive.tpu.ru/handle/11683/35306
Natura: Elettronico Capitolo di libro
KOHA link:https://koha.lib.tpu.ru/cgi-bin/koha/opac-detail.pl?biblionumber=621080

MARC

LEADER 00000naa2a2200000 4500
001 621080
005 20231101133137.0
035 |a (RuTPU)RU\TPU\conf\19645 
035 |a RU\TPU\conf\19643 
090 |a 621080 
100 |a 20161124d2016 k y0rusy50 ca 
101 0 |a rus 
102 |a RU 
105 |a y z 101zy 
135 |a drgn ---uucaa 
181 0 |a i  
182 0 |a b 
200 1 |a Сорбция радионуклидов композитными биосорбентами в промышленных водных средах  |f А. Л. Новикова 
203 |a Текст  |c электронный 
225 1 |a Экологические основы прогрессивных технологий 
230 |a 1 компьютерный файл (pdf; 262 Кb) 
300 |a Заглавие с экрана 
320 |a [Библиогр.: с. 168 (1 назв.)] 
330 |a В данной статье исследуется сорбция радионуклидов композитными биосорбентами в двух разных водных растворов, первый был взят из реки Ромашка (Северск), второй отобран с предприятия по переработке радиоактивного сырья. Исследования показали что, композитный биосорбент A.niger + CuO имеет большую сорбционную способность, чем A.niger + TiO[2]. 
330 |a This article examines the sorption of radionuclides composite biosorbents in two different aqueous solutions, the first was taken from the river Romashka (Seversk), the second selected enterprises for processing of radioactive raw materials. Studies have shown that composite biosorbent A. niger + CuO has a greater sorption capacity than A. niger + TiO[2]. 
463 0 |0 (RuTPU)RU\TPU\conf\19571  |t Экология и безопасность в техносфере: современные проблемы и пути решения  |o сборник трудов Всероссийской научно-практической конференции, г. Юрга, 17-19 ноября 2016 г.  |f Национальный исследовательский Томский политехнический университет (ТПУ), Юргинский технологический институт (ЮТИ) ; под ред. Д. А. Чинахова [и др.]  |v [С. 165-168]  |d 2016 
610 1 |a труды учёных ТПУ 
610 1 |a электронный ресурс 
610 1 |a сорбция 
610 1 |a радионуклиды 
610 1 |a композитные биосорбенты 
610 1 |a промышленные воды 
610 1 |a водные среды 
610 1 |a радиоактивное сырье 
610 1 |a наноматериалы 
610 1 |a плесневые грибы 
700 1 |a Новикова  |b А. Л. 
712 0 2 |a Национальный исследовательский Томский политехнический университет (ТПУ)  |c (2009- )  |2 stltpush  |3 (RuTPU)RU\TPU\col\15902 
801 2 |a RU  |b 63413507  |c 20161216  |g RCR 
856 4 |u http://earchive.tpu.ru/handle/11683/35306 
942 |c BK